=LDR 00000nam 2200000 4500 =001 INLIS000000000048633 =005 20200211100651 =035 ##$$a 0010-121600000000019 =008 200211################g##########0#ind## =020 ##$$a 978-602-02-5185-1 =040 ##$$a NBPDMAT =082 ##$$a 005.1 =090 ##$$a 005$bAnd j =100 ##$$a Andy Krisianto =245 1#$$a Jago wordpress /$c Andy Krisianto =260 ##$$a Jakarta :$b Elex Media Komputindo,$c 2014 =300 ##$$a xii, 192 hlm. : $b ilus. ; $c 21 x 14 cm. =650 #4$$a Komputer - Website =850 ##$$a NBPDMAT =084 ##$$a 005.1 AND j =990 ##$$a 21602152